Statistiken für Angelspiel mit Länderformen

Klicken Sie hier um das Quiz zu spielen!

Allgemein

  • Dieses Quiz wurde 126 mal gespielt
  • Das Durchschnittsergebnis liegt bei 8 aus 20

Antworten auf der Karte

Die Antworten werden auf der Karte rot bzw. grün angezeigt, abhängig davon wie oft sie richtig erraten wurden.
 

Antwortstatistiken

Land% Korrekt
Südafrika
91%
Frankreich
81%
Italien
79%
Ägypten
78%
Spanien
71%
Türkei
71%
Kanada
67%
Peru
67%
Australien
65%
Österreich
65%
Algerien
64%
Brasilien
64%
Norwegen
63%
Chile
60%
Island
59%
Marokko
59%
Vietnam
58%
Indien
57%
Deutschland
56%
Mexiko
55%
Äthiopien
53%
Russland
53%
Ukraine
53%
Vereinigtes Königreich
53%
Neuseeland
52%
Senegal
52%
Griechenland
50%
Mongolei
50%
Namibia
50%
Papua-Neuguinea
50%
Portugal
50%
Zypern
50%
Argentinien
47%
Laos
47%
Somalia
47%
Myanmar
46%
Indonesien
45%
Demokratische Republik Kongo
43%
Mali
43%
Mosambik
43%
Niger
43%
Pakistan
43%
Rumänien
43%
Polen
42%
Saudi-Arabien
42%
Eritrea
41%
Nepal
41%
Sambia
41%
Afghanistan
40%
Kroatien
38%
Haiti
36%
Japan
36%
Vereinigte Staaten
36%
Sri Lanka
35%
China
33%
Irak
33%
Iran
33%
Kasachstan
33%
Kuba
33%
Tschad
33%
Guatemala
32%
Israel
32%
Jemen
30%
Irland
29%
Kamerun
29%
Schweden
29%
Taiwan
29%
Thailand
29%
Vereinigte Arabische Emirate
29%
Venezuela
28%
Bangladesch
27%
Malawi
27%
Philippinen
27%
Syrien
27%
Belgien
26%
Schweiz
25%
Nicaragua
24%
Niederlande
24%
Madagaskar
23%
Südkorea
23%
Serbien
22%
Kenia
21%
Sudan
21%
Libyen
20%
Panama
20%
Gabun
19%
Georgien
19%
Costa Rica
17%
Guinea
15%
Belarus
13%
Guyana
13%
Mauretanien
13%
Paraguay
12%
Malaysia
11%
Nigeria
11%
Gambia
10%
Tunesien
8%
Kolumbien
6%
Liberia
0%
Nordkorea
0%

Verteilung der Resultate

Perzentil nach korrekt beantworteten Fragen

Anzahl Personen mit jedem Resultat

Ihre Resultats-Entwicklung

Sie haben dieses Quiz noch nicht gespielt